Normal view
MARC view
Entry Personal Name
001 - CONTROL NUMBER
- control field: 25004
003 - CONTROL NUMBER IDENTIFIER
- control field: dpl
005 - DATE AND TIME OF LATEST TRANSACTION
- control field: 20101221113916.0
008 - FIXED-LENGTH DATA ELEMENTS
- fixed length control field: 101221|||a|||||| | ||| d
040 ## - CATALOGING SOURCE
- Original cataloging agency: dpl
- Transcribing agency: dpl
100 ## - HEADING--PERSONAL NAME
- Personal name: पाटील, तुकाराम
670 ## - SOURCE DATA FOUND
- Source citation: Work cat.: (dpl)43119: पाटील, तुकाराम, यायावर साहित्य अवधारणा और अवदान /, 2009
670 ## - SOURCE DATA FOUND
- Source citation: Work cat.: (dpl)43119: पाटील, तुकाराम, यायावर साहित्य अवधारणा और अवदान /, 2009
